[Event "28.Schlosspark-Open"]
[Site "Wiesbaden-Biebrich"]
[Date "2016.08.26"]
[Round "3.25"]
[White "Neuhoff, Ulrich"]
[Black "Brechlin, Olaf"]
[Result "1/2-1/2"]
[WhiteElo "1776"]
[BlackElo "1928"]
[PlyCount "85"]
[EventDate "2016.??.??"]
[WhiteTeam "SG Rheinbreitbach"]
[BlackTeam "FVS ASP Hoyerswerda"]

1. Nf3 b6 2. g3 Bb7 3. Bg2 Nf6 4. c4 e6 5. O-O c5 6. b3 Be7 7. Bb2 O-O 8. e3 d5
9. Qe2 Nbd7 10. Rd1 Qc7 11. Nc3 a6 12. Rac1 Rad8 13. d4 dxc4 14. bxc4 Ne4 15.
d5 exd5 16. cxd5 Nxc3 17. Bxc3 Bf6 18. d6 Qb8 19. e4 Rfe8 20. Bxf6 Rxe4 21.
Qxe4 Bxe4 22. Bxd8 Qxd8 23. Re1 Nf6 24. Rcd1 h6 25. Ne5 Bxg2 26. Kxg2 b5 27.
Kg1 c4 28. d7 Nxd7 29. Rxd7 Qa5 30. Re2 c3 31. Nd3 Qa4 32. Ne1 b4 33. Rd8+ Kh7
34. h4 a5 35. Rb8 Qd1 36. Kf1 Kg6 37. Rbe8 a4 38. R8e3 Qd5 39. Kg1 b3 40. axb3
axb3 41. Nc2 Qc4 42. Na3 Qb4 43. Kh2 1/2-1/2

[Event "28.Schlosspark-Open"]
[Site "Wiesbaden-Biebrich"]
[Date "2016.08.26"]
[Round "3.26"]
[White "Rump, Andreas"]
[Black "Hafensteiner, Tim"]
[Result "1-0"]
[WhiteElo "1928"]
[BlackElo "1818"]
[PlyCount "71"]
[EventDate "2016.??.??"]
[WhiteTeam "SG Idstein"]
[BlackTeam "Biebertaler SF"]

1. e4 e5 2. Nf3 Nc6 3. d4 exd4 4. Nxd4 Nf6 5. Nxc6 bxc6 6. Bd3 Bc5 7. O-O O-O
8. Nc3 d5 9. Bg5 Qd6 10. Qd2 Bb4 11. Bf4 Qd8 12. Qe2 Re8 13. f3 Nh5 14. Bd2
Bc5+ 15. Kh1 Re6 16. g4 Nf6 17. e5 Nd7 18. f4 f6 19. Bf5 Re7 20. Qd3 h6 21. Na4
Bb6 22. Bb4 Re8 23. e6 Nc5 24. Nxc5 a5 25. Ba3 Bxc5 26. Bxc5 Ba6 27. Qe3 Bxf1
28. Rxf1 Qb8 29. b3 Qb5 30. Re1 a4 31. Bd3 Qb8 32. Bg6 axb3 33. axb3 Ra2 34. e7
Rxc2 35. Bxc2 Kf7 36. Qe6# 1-0

[Event "28.Schlosspark-Open"]
[Site "Wiesbaden-Biebrich"]
[Date "2016.08.26"]
[Round "3.27"]
[White "Lanz, Udo"]
[Black "Jahnel, Günther"]
[Result "0-1"]
[WhiteElo "1750"]
[BlackElo "2272"]
[PlyCount "46"]
[WhiteTeam "VSG Offenbach"]
[BlackTeam "FVS ASP Hoyerswerda"]

1. d4 Nf6 2. Nf3 g6 3. Bf4 Bg7 4. c3 O-O 5. e3 d6 6. h3 Nbd7 7. Nbd2 b6 8. Qc2
Bb7 9. Bd3 Re8 10. Bh2 e5 11. e4 Nh5 12. d5 Bh6 13. g3 c6 14. c4 Rc8 15. Qd1
Nc5 16. Bc2 b5 17. b3 bxc4 18. bxc4 cxd5 19. cxd5 Ba6 20. Nb3 Qb6 21. Nxc5 Qxc5
22. Bd3 Qc3+ 23. Ke2 Qb2+ 0-1

[Event "28.Schlosspark-Open"]
[Site "Wiesbaden-Biebrich"]
[Date "2016.08.26"]
[Round "3.28"]
[White "Pioch, Thomas"]
[Black "Weiland, Thomas"]
[Result "1/2-1/2"]
[WhiteElo "2135"]
[BlackElo "1800"]
[PlyCount "43"]
[EventDate "2016.??.??"]
[WhiteTeam "SF Mainz"]
[BlackTeam "SV Oberursel"]

1. Nf3 e6 2. c4 d5 3. g3 Nf6 4. Bg2 Be7 5. O-O O-O 6. d4 c5 7. cxd5 exd5 8.
dxc5 Bxc5 9. Nc3 Nc6 10. Bg5 Be7 11. Bxf6 Bxf6 12. Nxd5 Bxb2 13. Rb1 Ba3 14.
Qd3 Bc5 15. Rfd1 Rb8 16. h4 h6 17. Qc4 Bd6 18. Nf4 Qf6 19. Nh5 Qg6 20. Nf4 Qf6
21. Nh5 Qg6 22. Nf4 1/2-1/2

[Event "28.Schlosspark-Open"]
[Site "Wiesbaden-Biebrich"]
[Date "2016.08.26"]
[Round "3.29"]
[White "Schmitt, Clemens"]
[Black "Kregelin, Jan"]
[Result "0-1"]
[WhiteElo "1802"]
[BlackElo "2101"]
[PlyCount "82"]
[EventDate "2016.??.??"]
[WhiteTeam "SV Bergwinkel"]
[BlackTeam "FVS ASP Hoyerswerda"]

1. c4 e5 2. g3 Nc6 3. Bg2 g6 4. Nc3 Bg7 5. a3 a5 6. Rb1 Nge7 7. e3 d6 8. d3 Be6
9. Nd5 O-O 10. Ne2 Qd7 11. O-O Nc8 12. b3 Nd8 13. e4 c6 14. Ne3 Ne7 15. d4 Bh3
16. dxe5 dxe5 17. Qxd7 Bxd7 18. Rd1 Bc8 19. Nc2 Ne6 20. Be3 c5 21. Nc3 Nd4 22.
Nd5 Ne2+ 23. Kf1 Nxd5 24. exd5 Nc3 25. Bxc5 Re8 26. Ra1 Nxd1 27. Rxd1 Bg4 28.
f3 Bd7 29. Bb6 Bf6 30. Re1 Bd8 31. Bc5 Rc8 32. Bd6 a4 33. c5 axb3 34. Nb4 Bb5+
35. Kf2 Bc7 36. Bxc7 Rxc7 37. f4 exf4 38. Rxe8+ Bxe8 39. d6 Rxc5 40. Be4 fxg3+
41. hxg3 b2 0-1

[Event "28.Schlosspark-Open"]
[Site "Wiesbaden-Biebrich"]
[Date "2016.08.26"]
[Round "3.30"]
[White "Trumpp, Lothar"]
[Black "Meding, Olaf"]
[Result "1-0"]
[WhiteElo "2045"]
[BlackElo "1790"]
[PlyCount "51"]
[EventDate "2016.??.??"]
[WhiteTeam "VSG Offenbach"]
[BlackTeam "SF Mainz"]

1. Nc3 d5 2. e4 e6 3. Nf3 Nf6 4. e5 Nfd7 5. d3 c5 6. g3 Nc6 7. Bf4 Be7 8. h4 a6
9. a4 Rb8 10. Bh3 b5 11. axb5 axb5 12. O-O Nb6 13. Nxb5 h6 14. h5 Nd7 15. c4 d4
16. Re1 Bb7 17. Bg2 Nf8 18. Nd2 g5 19. hxg6 Nxg6 20. Ne4 Ncxe5 21. Bxe5 Nxe5
22. Nxc5 Bxg2 23. Rxe5 Bc6 24. Qh5 Kf8 25. Rxe6 Ba8 26. Ra7 1-0

[Event "28.Schlosspark-Open"]
[Site "Wiesbaden-Biebrich"]
[Date "2016.08.26"]
[Round "3.31"]
[White "Werner, Dimo"]
[Black "Reinecke, Katharina"]
[Result "1/2-1/2"]
[WhiteElo "2040"]
[BlackElo "1788"]
[PlyCount "37"]
[EventDate "2016.??.??"]
[WhiteTeam "TSV Schott Mainz"]
[BlackTeam "SK Langen"]

1. c4 c6 2. Nf3 d5 3. e3 Nf6 4. Nc3 e6 5. Be2 dxc4 6. Bxc4 b5 7. Be2 a6 8. O-O
Be7 9. d4 O-O 10. b3 Bb7 11. Bb2 c5 12. a4 b4 13. Nb1 Nc6 14. Nbd2 Rc8 15. Rc1
cxd4 16. Nxd4 Nxd4 17. Bxd4 Rxc1 18. Qxc1 Nd5 19. Nc4 1/2-1/2

[Event "28.Schlosspark-Open"]
[Site "Wiesbaden-Biebrich"]
[Date "2016.08.26"]
[Round "3.32"]
[White "RoÃŸ, Norbert"]
[Black "RÃ¶diger, Thomas"]
[Result "1/2-1/2"]
[WhiteElo "1789"]
[BlackElo "2035"]
[PlyCount "39"]
[EventDate "2016.??.??"]
[WhiteTeam "SV Oberursel"]
[BlackTeam "SC Bad Soden"]

1. d4 Nf6 2. c4 e6 3. Nc3 d5 4. Bg5 c6 5. Nf3 Nbd7 6. e3 Be7 7. Bd3 O-O 8. O-O
dxc4 9. Bxc4 Nd5 10. Bxe7 Qxe7 11. Ne4 N7b6 12. Bb3 Nf6 13. Nxf6+ Qxf6 14. Qd3
Rd8 15. Rfd1 Bd7 16. Rac1 Be8 17. Rc5 Nd7 18. Rg5 g6 19. Rg3 e5 20. Qe2 1/2-1/2

[Event "28.Schlosspark-Open"]
[Site "Wiesbaden-Biebrich"]
[Date "2016.08.26"]
[Round "3.33"]
[White "Berberich, Christoph"]
[Black "Poetsch, Leonore"]
[Result "1-0"]
[WhiteElo "2026"]
[BlackElo "1777"]
[PlyCount "47"]
[EventDate "2016.??.??"]
[WhiteTeam "FSF 1887 ZÃ¤hringen"]
[BlackTeam "SK Langen"]

1. d4 c5 2. e3 d5 3. c4 dxc4 4. Bxc4 Bf5 5. Nc3 Nf6 6. Nf3 e6 7. O-O Nbd7 8.
Qe2 cxd4 9. exd4 Be7 10. Re1 O-O 11. d5 Nc5 12. Nd4 Be4 13. dxe6 Qxd4 14. exf7+
Kh8 15. Be3 Qe5 16. Bxc5 Bxc5 17. Nxe4 Nxe4 18. Qxe4 Qxb2 19. Qh4 Qd4 20. Qxd4
Bxd4 21. Rad1 Bc5 22. Rd5 b6 23. Rde5 g6 24. Re8 1-0

[Event "28.Schlosspark-Open"]
[Site "Wiesbaden-Biebrich"]
[Date "2016.08.26"]
[Round "3.34"]
[White "Schmieder, Stefan"]
[Black "Kolker, Vladislav"]
[Result "0-1"]
[WhiteElo "1796"]
[BlackElo "2023"]
[PlyCount "64"]
[EventDate "2016.??.??"]
[WhiteTeam "SC Bad Soden"]
[BlackTeam "SC Bad Nauheim"]

1. e4 e5 2. Bc4 Nf6 3. d3 Nc6 4. Nc3 Na5 5. Qf3 Nxc4 6. dxc4 d6 7. Nge2 Be7 8.
O-O O-O 9. h3 c6 10. a4 Be6 11. b3 Qc7 12. Ba3 Rad8 13. Rfd1 Rd7 14. Rd2 Rfd8
15. Rad1 Bf8 16. Bb2 a6 17. Ng3 Ne8 18. Nf1 g6 19. g4 Bh6 20. Rd3 Ng7 21. Ng3
Bf4 22. Nce2 Bg5 23. Bc1 Bxc1 24. Nxc1 Rf8 25. Nf5 Ne8 26. Ne2 f6 27. Ne3 Rg7
28. Kh2 f5 29. gxf5 gxf5 30. exf5 d5 31. cxd5 e4+ 32. Qf4 exd3 0-1

[Event "28.Schlosspark-Open"]
[Site "Wiesbaden-Biebrich"]
[Date "2016.08.26"]
[Round "3.35"]
[White "Marschner, Thomas"]
[Black "Papadopoulos, Ioannis"]
[Result "1/2-1/2"]
[WhiteElo "2021"]
[BlackElo "1762"]
[PlyCount "75"]
[EventDate "2016.??.??"]
[WhiteTeam "SVG Eppstein"]
[BlackTeam "SV Oberursel"]

1. e4 e5 2. Nf3 Nc6 3. Bc4 Bc5 4. c3 Nf6 5. d3 d6 6. Bb3 Bb6 7. Nbd2 a6 8. h3
O-O 9. Nf1 Ne7 10. g4 Ng6 11. Ng3 c6 12. g5 Ne8 13. h4 Bg4 14. d4 exd4 15. cxd4
Bxd4 16. Qd3 Bxf3 17. Qxf3 Ne5 18. Qe2 Qb6 19. O-O Nc7 20. Nf5 Ne6 21. Nxd6 Bc5
22. Nf5 g6 23. Nh6+ Kg7 24. Be3 Nd4 25. Bxd4 Bxd4 26. Kg2 Rae8 27. Rad1 f6 28.
f4 Nd7 29. Qg4 Re7 30. Qe2 Rfe8 31. Rfe1 Bc5 32. Qg4 Rd8 33. Rxd7 Rexd7 34.
gxf6+ Kh8 35. Nf7+ Rxf7 36. Bxf7 Qxb2+ 37. Re2 Qxf6 38. Qg5 1/2-1/2

[Event "28.Schlosspark-Open"]
[Site "Wiesbaden-Biebrich"]
[Date "2016.08.26"]
[Round "3.36"]
[White "Zerhusen, Martin"]
[Black "Schmitt, Carsten"]
[Result "0-1"]
[WhiteElo "1789"]
[BlackElo "2008"]
[PlyCount "56"]
[EventDate "2016.??.??"]
[WhiteTeam "SV Oberursel"]
[BlackTeam "SV Bergwinkel"]

1. d4 d5 2. c4 e6 3. Nc3 c5 4. cxd5 exd5 5. Nf3 Nc6 6. e3 Nf6 7. Be2 c4 8. Bd2
Bb4 9. O-O O-O 10. b3 Bxc3 11. Bxc3 Ne4 12. Qc1 b5 13. bxc4 bxc4 14. Nd2 Bf5
15. Bf3 Nxd2 16. Qxd2 Bd3 17. Be2 Bg6 18. Bd1 Qd6 19. Bc2 Qa3 20. Rfb1 Rfb8 21.
Bxg6 hxg6 22. Qc2 a5 23. Bb2 Qe7 24. a3 Rb3 25. Bc1 Nxd4 26. Qd1 Rd3 27. Qf1
Nb3 28. Ra2 a4 0-1

[Event "28.Schlosspark-Open"]
[Site "Wiesbaden-Biebrich"]
[Date "2016.08.26"]
[Round "3.37"]
[White "Gentner, Markus"]
[Black "Hegener, Thorsten"]
[Result "1-0"]
[WhiteElo "2005"]
[BlackElo "1752"]
[PlyCount "47"]
[EventDate "2016.??.??"]
[WhiteTeam "SC Murrhardt"]
[BlackTeam "SC Eschborn"]

1. Nf3 f5 2. e4 fxe4 3. Ng5 Nf6 4. d3 e5 5. dxe4 c6 6. Bd3 Bc5 7. O-O O-O 8.
Nf3 Qe8 9. Bc4+ Kh8 10. Nc3 b5 11. Be2 Na6 12. Qd3 d5 13. a3 dxe4 14. Nxe4 Bf5
15. Nfd2 Qg6 16. Bf3 Rad8 17. Qe2 Nxe4 18. Nxe4 Bb6 19. Bh5 Qe6 20. Ng3 Bd4 21.
Nxf5 Qxf5 22. Bg4 Bxf2+ 23. Qxf2 Qxf2+ 24. Rxf2 1-0

[Event "28.Schlosspark-Open"]
[Site "Wiesbaden-Biebrich"]
[Date "2016.08.26"]
[Round "3.38"]
[White "Bratmann, Marc"]
[Black "Stork, Oliver"]
[Result "0-1"]
[WhiteElo "1755"]
[BlackElo "1990"]
[PlyCount "118"]
[EventDate "2016.??.??"]
[WhiteTeam "TuS Dotzheim"]
[BlackTeam "SV Oberursel"]

1. e4 c6 2. Nf3 d5 3. Nc3 Nf6 4. e5 Ne4 5. d4 Nxc3 6. bxc3 Bf5 7. c4 e6 8. cxd5
Qxd5 9. c3 c5 10. Be2 cxd4 11. cxd4 Bb4+ 12. Bd2 Bxd2+ 13. Qxd2 Nc6 14. Rc1 O-O
15. Bc4 Qe4+ 16. Qe3 Rfd8 17. Rd1 Rac8 18. Bd3 Qxe3+ 19. fxe3 Bxd3 20. Rxd3 Nb4
21. Rd1 Rc2 22. O-O h6 23. Rd2 Rdc8 24. Rff2 Rxa2 25. h3 Ra1+ 26. Kh2 a5 27. e4
Rd8 28. Rfe2 Rb1 29. Re3 a4 30. Rc3 Ra8 31. Ra3 Rc1 32. Rb2 Nc2 33. Raa2 Ne3
34. Kg3 Nd1 35. Rxb7 a3 36. Rb3 Rc3 37. Rb1 Rd3 38. Rd2 Rxd2 39. Nxd2 a2 40.
Rxd1 a1=Q 41. Rxa1 Rxa1 42. Kf3 Kf8 43. Kf4 Ra3 44. h4 Rd3 45. Nf3 Ke7 46. Kg4
Kd7 47. Kf4 Kc6 48. Kg3 Kb5 49. Kf2 Kc4 50. Ke2 Rxd4 51. Ke3 Rd3+ 52. Kf4 Rxf3+
53. Kxf3 Kd4 54. Kf4 h5 55. g3 g6 56. Kf3 Kxe5 57. Ke3 f6 58. Kd3 f5 59. exf5
Kxf5 0-1

[Event "28.Schlosspark-Open"]
[Site "Wiesbaden-Biebrich"]
[Date "2016.08.26"]
[Round "3.39"]
[White "Held, Carsten"]
[Black "Polat, Marcel"]
[Result "1-0"]
[WhiteElo "1989"]
[BlackElo "1740"]
[PlyCount "33"]
[EventDate "2016.??.??"]
[WhiteTeam "SC Ladja RoÃŸdorf"]
[BlackTeam "Vorw.Orient Mainz"]

1. c4 c5 2. g3 Nc6 3. Bg2 Nf6 4. Nc3 g6 5. e4 d6 6. d3 Bg7 7. Nge2 Bd7 8. Rb1
Qc8 9. a3 a5 10. Nf4 e6 11. Bd2 O-O 12. O-O Rb8 13. Nb5 Ne8 14. h4 e5 15. Nd5
b6 16. Kh2 Nd4 17. Ne7+ 1-0

[Event "28.Schlosspark-Open"]
[Site "Wiesbaden-Biebrich"]
[Date "2016.08.26"]
[Round "3.40"]
[White "Binner, Peter"]
[Black "Modric, Vladimir"]
[Result "1/2-1/2"]
[WhiteElo "1751"]
[BlackElo "1986"]
[PlyCount "52"]
[EventDate "2016.??.??"]
[WhiteTeam "Vorw.Orient Mainz"]
[BlackTeam "SC Nied"]

1. c4 f5 2. g3 Nf6 3. Bg2 g6 4. d4 Bg7 5. Nc3 d6 6. e3 O-O 7. Nge2 e5 8. O-O c6
9. e4 fxe4 10. dxe5 dxe5 11. Qxd8 Rxd8 12. Nxe4 Nxe4 13. Bxe4 Bh3 14. Bg2 Be6
15. Bg5 Re8 16. b3 Na6 17. Rad1 h6 18. Be3 Nb4 19. Rd2 Rad8 20. Rfd1 Rxd2 21.
Rxd2 Bf5 22. h3 a5 23. g4 Be6 24. Nc3 Kh7 25. Ne4 Na6 26. Nd6 Re7 1/2-1/2

[Event "28.Schlosspark-Open"]
[Site "Wiesbaden-Biebrich"]
[Date "2016.08.26"]
[Round "3.42"]
[White "Pogosian, Norair"]
[Black "Tuchtfeld, JÃ¼rgen"]
[Result "0-1"]
[WhiteElo "1736"]
[BlackElo "1957"]
[PlyCount "126"]
[EventDate "2016.??.??"]
[WhiteTeam "SK Ã–tigheim"]
[BlackTeam "SK Ebringen"]

1. e4 c6 2. d4 d5 3. Nc3 dxe4 4. Nxe4 Bf5 5. Ng3 Bg6 6. h4 h6 7. h5 Bh7 8. Nf3
Nd7 9. Bd3 Bxd3 10. Qxd3 e6 11. Bf4 Qa5+ 12. Bd2 Qc7 13. O-O-O O-O-O 14. c4
Ngf6 15. Ne4 Nc5 16. Nxc5 Bxc5 17. b4 Bd6 18. c5 Bf4 19. Bxf4 Qxf4+ 20. Qd2
Qxd2+ 21. Rxd2 Nd5 22. a3 Rhf8 23. Ne5 Nc3 24. Kb2 Ne4 25. Re2 f5 26. Rd1 Rd5
27. Ng6 Re8 28. Nf4 Rd7 29. g4 e5 30. Nd3 exd4 31. Rde1 Kd8 32. gxf5 Nf6 33.
Re6 Rd5 34. Ne5 Rxe6 35. fxe6 Nxh5 36. Nf7+ Ke7 37. Nd6 Nf4 38. Nc8+ Ke8 39.
Re4 Nxe6 40. Rxe6+ Kd7 41. Re7+ Kxc8 42. Rxg7 a5 43. Rh7 h5 44. Rh8+ Kc7 45.
Rh7+ Kb8 46. Kc2 d3+ 47. Kd2 Ka7 48. f4 a4 49. f5 Rxf5 50. Kxd3 Rf3+ 51. Kc4
Rxa3 52. Rxh5 Rg3 53. Rh2 Ka6 54. Ra2 Rg4+ 55. Kc3 Kb5 56. Rb2 Rc4+ 57. Kd3
Rxb4 58. Rc2 a3 59. Ra2 Ka4 60. Kc3 Rb3+ 61. Kc4 Rb2 62. Ra1 Rc2+ 63. Kd3 Rxc5
0-1

[Event "28.Schlosspark-Open"]
[Site "Wiesbaden-Biebrich"]
[Date "2016.08.26"]
[Round "3.43"]
[White "Schultze, JÃ¶rg-Martin"]
[Black "Rapp, Matthias"]
[Result "1-0"]
[WhiteElo "1973"]
[BlackElo "1728"]
[PlyCount "35"]
[EventDate "2016.??.??"]
[WhiteTeam "SF Anderssen Wetzlar"]
[BlackTeam "SF Mainz"]

1. d4 d5 2. c4 c6 3. Nf3 Nf6 4. e3 Bg4 5. Nbd2 g6 6. h3 Bf5 7. Ne5 Bg7 8. cxd5
cxd5 9. Qb3 Qc8 10. Bb5+ Nbd7 11. e4 Be6 12. exd5 Nxd5 13. Bxd7+ Bxd7 14. Qxd5
Bxe5 15. Qxe5 O-O 16. O-O a5 17. Ne4 f6 18. Qxe7 1-0

[Event "28.Schlosspark-Open"]
[Site "Wiesbaden-Biebrich"]
[Date "2016.08.26"]
[Round "3.44"]
[White "Mao, Yvonne"]
[Black "BÃ¤umer, Frank"]
[Result "0-1"]
[WhiteElo "1733"]
[BlackElo "1960"]
[PlyCount "80"]
[EventDate "2016.??.??"]
[WhiteTeam "SK Gernsheim"]
[BlackTeam "Gambit Gusenburg"]

1. e4 e5 2. Nf3 Nc6 3. Nc3 Nf6 4. g3 Bc5 5. Nxe5 Nxe5 6. d4 Bd6 7. f4 Ng6 8. e5
Be7 9. exf6 Bxf6 10. Qe2+ Ne7 11. Be3 O-O 12. O-O-O Re8 13. Qf3 d5 14. g4 g6
15. h4 c6 16. h5 Kf8 17. hxg6 hxg6 18. Bd3 Ng8 19. f5 Rxe3 20. Qf2 Bxd4 21.
fxg6 Qf6 22. Qg2 Qf3 23. Qh2 Qg3 24. Qh7 Re7 25. Rdf1 f6 26. Ne2 Qe3+ 27. Kb1
Be5 28. Nc1 Qb6 29. Nb3 Rg7 30. Rh5 Qc7 31. Nc5 b6 32. Nb3 Bxg4 33. Rh4 Bc8 34.
Nd4 Bxd4 35. Qxg7+ Qxg7 36. Rxd4 Be6 37. Rh4 Ne7 38. Rh7 Nxg6 39. Rxg7 Kxg7 40.
Rg1 Bf7 0-1

[Event "28.Schlosspark-Open"]
[Site "Wiesbaden-Biebrich"]
[Date "2016.08.26"]
[Round "3.45"]
[White "Goldt, Rainer"]
[Black "Mang, Markus"]
[Result "1-0"]
[WhiteElo "1956"]
[BlackElo "1716"]
[PlyCount "93"]
[EventDate "2016.??.??"]
[WhiteTeam "Kreuznacher SV"]
[BlackTeam "SG Kaiserslautern"]

1. e4 e6 2. d4 d5 3. Nc3 Nf6 4. Bg5 Bb4 5. e5 h6 6. Bd2 Bxc3 7. bxc3 Ne4 8. Bd3
Nxd2 9. Qxd2 c5 10. Nf3 Nc6 11. O-O O-O 12. Qe3 c4 13. Be2 Ne7 14. Nh4 Bd7 15.
f4 Ba4 16. Qd2 Nf5 17. Nxf5 exf5 18. Rf3 g6 19. Rh3 Kg7 20. Bf3 Qd7 21. Kh1 Rh8
22. Rg1 h5 23. Re1 Qe6 24. Be2 Qb6 25. Qc1 Bd7 26. Re3 Be6 27. Qa3 Qc7 28. Qb4
Rhe8 29. Rb1 b6 30. Bf3 Qe7 31. Qxe7 Rxe7 32. Rb5 Rd8 33. Re1 Rb7 34. Reb1 Rbb8
35. Kg1 Kf8 36. Kf2 Ke8 37. Kg3 Kf8 38. Kf2 Ke8 39. Ke3 Ra8 40. Kd2 Rd7 41. a4
Kd8 42. a5 bxa5 43. Rxa5 Kc8 44. Rbb5 Kc7 45. Bxd5 Bxd5 46. Rxd5 Rxd5 47. Rxd5
1-0

[Event "28.Schlosspark-Open"]
[Site "Wiesbaden-Biebrich"]
[Date "2016.08.26"]
[Round "3.46"]
[White "Traut, Stefan"]
[Black "Achtmann, Armin"]
[Result "0-1"]
[WhiteElo "1726"]
[BlackElo "1940"]
[PlyCount "114"]
[EventDate "2016.??.??"]
[WhiteTeam "SF Heusenstamm"]
[BlackTeam "TuS Dotzheim"]

1. d4 Nf6 2. Nf3 g6 3. c4 Bg7 4. Nc3 d5 5. cxd5 Nxd5 6. e4 Nxc3 7. bxc3 c5 8.
Rb1 O-O 9. Be2 Nc6 10. d5 Ne5 11. Nxe5 Bxe5 12. Qc2 f5 13. Bf3 Qd6 14. g3 Qf6
15. Bb2 fxe4 16. Bxe4 Bh3 17. f4 Bxf4 18. gxf4 Qxf4 19. Bxg6 Qh4+ 20. Kd1 Bg4+
21. Kc1 Qg5+ 22. Qd2 Qxd2+ 23. Kxd2 hxg6 24. Rhf1 Bh3 25. Rxf8+ Rxf8 26. Ke3
Rf5 27. c4 b6 28. Rg1 Kf7 29. Rg3 Bf1 30. Rg4 g5 31. h4 Bh3 32. Rxg5 Rxg5 33.
hxg5 Bf1 34. Ke4 Bxc4 35. Ke5 Bxa2 36. Bc3 b5 37. d6 exd6+ 38. Kxd6 b4 39. Ba1
c4 40. Kc5 a5 41. Kd4 Kg6 42. Ke3 Kxg5 43. Kd2 Kf4 44. Kc2 Ke3 45. Bf6 Bb3+ 46.
Kb2 Kd2 47. Bg5+ Kd1 48. Bf6 a4 49. Be5 a3+ 50. Kb1 c3 51. Bf4 Ba2+ 52. Ka1 c2
53. Be3 c1=Q+ 54. Bxc1 Kxc1 55. Kxa2 Kc2 56. Ka1 a2 57. Kxa2 b3+ 0-1

[Event "28.Schlosspark-Open"]
[Site "Wiesbaden-Biebrich"]
[Date "2016.08.26"]
[Round "3.47"]
[White "Schubert, Wolfgang"]
[Black "Ehmann, Johanna"]
[Result "1/2-1/2"]
[WhiteElo "1931"]
[BlackElo "1667"]
[PlyCount "113"]
[EventDate "2016.??.??"]
[WhiteTeam "Wiesbadener SV"]
[BlackTeam "SF Sasbach"]

1. e4 e5 2. Nf3 Nc6 3. Bc4 Bc5 4. c3 Nf6 5. d4 exd4 6. cxd4 Bb4+ 7. Bd2 Bxd2+
8. Nbxd2 d5 9. exd5 Nxd5 10. O-O O-O 11. Ne5 Nxe5 12. dxe5 Nb6 13. Bb3 Qe7 14.
Re1 Be6 15. Qc2 Rad8 16. Rad1 Bxb3 17. Qxb3 Rd5 18. Nf3 c6 19. h3 h6 20. Qe3
Rfd8 21. Rxd5 Rxd5 22. Qf4 Qc7 23. Qg4 Qd7 24. Qe4 Rd1 25. Kh2 Rxe1 26. Qxe1
Qd5 27. b3 Nd7 28. Qe3 Qc5 29. Qxc5 Nxc5 30. Ne1 Kf8 31. f4 Ke7 32. Kg3 Ke6 33.
Kf3 a5 34. Ke3 Kd5 35. Nc2 b5 36. Nd4 a4 37. g4 axb3 38. axb3 Ne6 39. Nf5 Kc5
40. Nd6 Nd8 41. Kd3 Kb4 42. Kc2 c5 43. f5 c4 44. bxc4 bxc4 45. Ne8 Nc6 46. Nxg7
Nxe5 47. Ne8 Nf3 48. Nd6 Nd4+ 49. Kb1 Kb3 50. Ne4 c3 51. Nc5+ Kc4 52. Ne4 Kd3
53. Nc5+ Kd2 54. Ne4+ Kd3 55. Nc5+ Kc4 56. Ne4 Kd3 57. Nc5+ 1/2-1/2

[Event "28.Schlosspark-Open"]
[Site "Wiesbaden-Biebrich"]
[Date "2016.08.26"]
[Round "3.48"]
[White "Held, Maurice"]
[Black "Krastev, Alexander"]
[Result "1/2-1/2"]
[WhiteElo "1708"]
[BlackElo "1924"]
[PlyCount "100"]
[EventDate "2016.??.??"]
[WhiteTeam "SC Ladja RoÃŸdorf"]
[BlackTeam "Biebertaler SF"]

1. c4 c5 2. g3 g6 3. Bg2 Bg7 4. Nc3 Nc6 5. e4 d6 6. Nge2 e6 7. d3 Nge7 8. Rb1
O-O 9. a3 a5 10. Bf4 Nd4 11. Nxd4 cxd4 12. Nb5 e5 13. Bd2 Be6 14. b4 axb4 15.
Bxb4 Nc8 16. O-O Bf6 17. Rc1 Be7 18. c5 Qd7 19. a4 dxc5 20. Bxc5 Nd6 21. Bxd6
Bxd6 22. f4 f6 23. Nxd6 Qxd6 24. f5 Bf7 25. fxg6 hxg6 26. Rb1 Ra7 27. Rf2 Kg7
28. Rfb2 Qa6 29. Rb4 Rc8 30. Bh3 Rc3 31. Qf3 Rc6 32. Bd7 Rd6 33. Bb5 Qa5 34.
Qd1 Qd8 35. R1b2 Qe7 36. Bc4 Rc6 37. Qb1 Rc7 38. a5 Bxc4 39. Rxc4 Rxc4 40. dxc4
Qc7 41. Rb5 Kg8 42. Qb4 Qc6 43. Rb6 Qxe4 44. Rxf6 Ra8 45. Qe7 Qe1+ 46. Kg2 Qe2+
47. Rf2 Qxc4 48. Rf6 Qe2+ 49. Kh3 Qh5+ 50. Kg2 Qe2+ 1/2-1/2

[Event "28.Schlosspark-Open"]
[Site "Wiesbaden-Biebrich"]
[Date "2016.08.26"]
[Round "3.49"]
[White "Deutsch, Christoph"]
[Black "MÃ¼ller, Peter"]
[Result "0-1"]
[WhiteElo "1623"]
[BlackElo "1912"]
[PlyCount "56"]
[EventDate "2016.??.??"]
[WhiteTeam "SK GrÃ¼ndau"]
[BlackTeam "Godesberger SK"]

1. e4 e5 2. Nf3 Nc6 3. Bc4 Nf6 4. d3 Be7 5. c3 O-O 6. O-O d5 7. exd5 Nxd5 8. h3
Nb6 9. Bb5 Bd6 10. Re1 Re8 11. d4 exd4 12. Rxe8+ Qxe8 13. Nxd4 Qe5 14. f4 Qd5
15. Qf3 Qxf3 16. Nxf3 Bd7 17. a3 Na5 18. Nd4 Bxb5 19. b4 Bd7 20. bxa5 Nd5 21.
Ra2 Nxf4 22. Bxf4 Bxf4 23. Re2 Re8 24. Rxe8+ Bxe8 25. Kf2 Bd6 26. Ke2 c5 27.
Nb3 Bb5+ 28. Ke3 f5 0-1

[Event "28.Schlosspark-Open"]
[Site "Wiesbaden-Biebrich"]
[Date "2016.08.26"]
[Round "3.50"]
[White "Moseler, Thomas"]
[Black "Schmidt, Volker"]
[Result "0-1"]
[WhiteElo "1620"]
[BlackElo "1909"]
[PlyCount "122"]
[EventDate "2016.??.??"]
[WhiteTeam "SK Lister Turm"]
[BlackTeam "TuS Dotzheim"]

1. e4 c5 2. Nf3 d6 3. Bb5+ Bd7 4. Bxd7+ Qxd7 5. b3 Nc6 6. Bb2 Nf6 7. Nc3 e5 8.
d3 Be7 9. Qd2 h6 10. Ne2 Qg4 11. Ng3 g6 12. O-O-O O-O-O 13. Kb1 Qe6 14. Qe2 Nd7
15. Nf1 f5 16. Ne3 Nb6 17. Nd2 Nd4 18. Bxd4 cxd4 19. Nec4 Nd7 20. exf5 gxf5 21.
Rhe1 Bf6 22. f4 Rhe8 23. fxe5 dxe5 24. Qf3 Bg7 25. Re2 Kb8 26. Rde1 Qa6 27.
Qxf5 b5 28. Nxe5 Nxe5 29. Rxe5 Bxe5 30. Rxe5 Rxe5 31. Qxe5+ Ka8 32. Ne4 Qc6 33.
Nc5 a5 34. Ne6 Rc8 35. Nxd4 Qc5 36. Qxc5 Rxc5 37. Kc1 Kb7 38. Kd2 Kb6 39. c4 b4
40. Nf3 Rf5 41. Ke3 Rf8 42. d4 a4 43. g4 axb3 44. axb3 Ra8 45. h4 Ra3 46. Nd2
Ra1 47. Ne4 Rh1 48. Nc5 Rxh4 49. Nd7+ Kc7 50. Nc5 Rxg4 51. d5 h5 52. Kf3 Rg8
53. Na6+ Kb6 54. Nxb4 h4 55. Nc2 h3 56. d6 h2 57. c5+ Kxc5 58. d7 h1=Q+ 59. Kf4
Qh2+ 60. Ke3 Qxc2 61. d8=Q Rxd8 0-1

[Event "28.Schlosspark-Open"]
[Site "Wiesbaden-Biebrich"]
[Date "2016.08.26"]
[Round "3.51"]
[White "Erlekam, Simon"]
[Black "WÃ¶hl, Torsten"]
[Result "1-0"]
[WhiteElo "1799"]
[BlackElo "1592"]
[PlyCount "37"]
[EventDate "2016.??.??"]
[WhiteTeam "SK Gau-Algesheim"]
[BlackTeam "SC GroÃŸ-Zimmern"]

1. e4 e6 2. d4 d5 3. Nc3 Bb4 4. e5 a6 5. Qg4 Bf8 6. f4 Ne7 7. Bd3 Ng6 8. Nf3
Nd7 9. f5 exf5 10. Bxf5 Bb4 11. O-O c5 12. Bg5 Qc7 13. Nxd5 Qa5 14. e6 h5 15.
exf7+ Kxf7 16. Bxg6+ Kxg6 17. Nh4+ Kh7 18. Qxh5+ Kg8 19. Ne7# 1-0

[Event "28.Schlosspark-Open"]
[Site "Wiesbaden-Biebrich"]
[Date "2016.08.26"]
[Round "3.52"]
[White "Lang, Micha"]
[Black "BÃ¶rkey, Luis"]
[Result "1-0"]
[WhiteElo "1897"]
[BlackElo "1591"]
[PlyCount "45"]
[EventDate "2016.??.??"]
[WhiteTeam "SC Weiterstadt"]
[BlackTeam "Wiesbadener SV"]

1. c4 e5 2. Nc3 Nf6 3. Nf3 Nc6 4. d4 exd4 5. Nxd4 Bc5 6. Nxc6 bxc6 7. g3 O-O 8.
Bg2 Bb7 9. O-O d5 10. Na4 Bb6 11. c5 Ba5 12. a3 Qe7 13. b4 Ba6 14. Re1 Bb6 15.
Bb2 Rfe8 16. e3 Ne4 17. cxb6 cxb6 18. Qd4 f6 19. Rac1 Bb5 20. Nc3 Nxc3 21. Rxc3
Qd6 22. Rec1 Bc4 23. Rxc4 1-0